mots anglais 3 - Statistiques

Statistiques générales
  • Ce quiz a été pris 24 fois
  • Le résultat moyen est 15 sur 70
Statistiques - réponses
Hint Réponse % Correct
a target une cible
90%
to consume consommer
75%
a consumer un consommateur
70%
farmers agriculteurs
55%
consumption consommation
55%
fishermen pêcheurs
55%
to queue faire la queue
50%
to queue faire la queue
50%
purchase power pouvoir d'achat
50%
an income un revenu
50%
to purchase acheter
45%
pre-paid card carte pré-payée
45%
an agreement un accord
45%
suburbs banlieues
40%
to target cibler
40%
throw away jeter
40%
resale revente
35%
a purchase un achat
35%
elsewhere ailleurs
30%
entertainment divertissement
30%
outdated périmé/démodé
30%
know-how savoir-faire
30%
fee frais
25%
franchisor franchiseur
25%
advertising campaign campagne publicitaire
20%
and thus et donc
20%
bank loans prêts bancaires
20%
to withdraw retirer
20%
to behave se comporter
20%
a household un ménage
20%
impulse buying achat compulsif
15%
malls centres commerciaux
15%
old-fashioned démodé
15%
vending machines distributeurs
15%
trendy brands marques à la mode
15%
wealthy aisé
10%
automated teller machine DAB
10%
commitment engagement
10%
range gamme
10%
department store grand magasin
10%
furniture store/DIY magasin de meubles
10%
factory outlets magasins d'usine
10%
convenience store supérette
10%
toiletries accessoires de toilettes
5%
television selling acheter quelque chose vu à la télévision
5%
at eye-level à hauteur des yeux
5%
consumer behaviour comportement des consommateurs
5%
environmentally-friendly écologique
5%
white goods électroménager
5%
corner shop épicerie du coin
5%
end-of-range fin de gamme
5%
hard-discounters magasins hard-discount
5%
brown goods matériel audiovisuel
5%
shelf storage mise en rayon
5%
the go-go years période prospère 1960-70
5%
outlet point de vente
5%
manufacture production
5%
upmarket products produits hauts de gamme
5%
licensed dealers revendeurs agréés
5%
subcontractors sous-traitants
5%
arms dealing trafic d'armes
5%
direct-to-home retailling vente à domicile/brocante
5%
pure players vente exclusive en ligne
5%
mail ordering vente par correspondance
5%
freeganism anticonsuméristes qui mangent la nourriture des poubelles
0%
to be equated with assimiler à
0%
wasteful déraisonnable
0%
leisure-oriented places endroits axés sur les loisirs
0%
suburbs en périphérie
0%
fast-moving consumer goods produits de grande consommation
0%
Aucun quiz correspondant
Distribution des résultats
% des personnes avec chaque résultat
Percentile par nombre de réponses
Votre historique - résultats
Vous n’avez pas pris ce quiz